| 000 | 01644cam a2200265 4500 | ||
|---|---|---|---|
| 001 | L135421 | ||
| 008 | 061025n2006 000 0 eng u | ||
| 020 |
_a9781845922351 _a1845922352 |
||
| 035 | _a(Sirsi) u135421 | ||
| 050 | 0 | 4 | _a346.4104343 $2 18 |
| 100 | 1 | _aBamford, Karl | |
| 245 | 0 | 0 | _aAmending a commercial lease |
| 250 | _a3rd ed. | ||
| 260 |
_aHaywards Heath _bTottel _c2006 |
||
| 300 |
_axxxvi, 223p _c24cm. |
||
| 350 | _a75.00 | ||
| 505 | 2 | _aDefinitions and interpretation -- Demise -- The tenant's covenants -- The landlord's covenants -- Insurance -- Guarantee provisions -- Forfeiture -- Miscellaneous -- Schedule one: the premises -- Schedule twol: the rights granted -- Schedule three: the rights reserved -- Schedule four: The rent and rent review -- Schedule five: The office covenants -- Schedule six: The service charge and services -- Schedule seven: The subjections -- Schedule eight: The authorised guarantee agreement. | |
| 520 | _aProvides an understanding of commercial leasing in the UK. Offers guidance on how to give practical advice, how to identify potential amendments and how to negotiate the best possible lease terms for a client. On one page the standard lease terms are set out in full with suggested amendments and additional clauses, and on the opposite page is the relevant commentary. | ||
| 520 | _aSuperceds 2nd edition. | ||
| 590 | _aKA | ||
| 651 | 4 |
_aEngland and Wales _y1543- |
|
| 690 | _aPROPERTY-COMMERCIAL PROPERTY-COMMERCIAL LANDLORD AND TENANT-COMMERCIAL LEASES | ||
| 690 | _aPROPERTY-COMMERCIAL PROPERTY-COMMERCIAL LANDLORD AND TENANT-COMMERCIAL SERVICE CHARGES | ||
| 942 | _n0 | ||
| 999 |
_c106052 _d106052 |
||